| 000 | 00885cam a2200241 i 4500 | ||
|---|---|---|---|
| 005 | 20251113093938.0 | ||
| 008 | 250721s9999 le gr 000 0 ara d | ||
| 082 | 1 | 4 |
_a193 _bب د و |
| 100 | 1 |
_aبدوي، عبد الرحمن _eمؤلف. |
|
| 245 | 1 | 0 |
_aفلسفة الجمال والفن عند هيجل / _cد. عبد الرحمن بدوي. |
| 250 | _aالطبعة الأولى. | ||
| 264 | 3 | 1 |
_aبيروت : _bالمؤسسة العربية للنشر، _c1996. |
| 264 | 3 | 1 |
_aعمان : _bدار الفارس للنشر والتوزيع، _c1996. |
| 264 | 3 | 1 |
_aالقاهرة : _bدار الشروق، _c1996. |
| 300 | _a395 صفحة. | ||
| 650 | 1 | 7 | _aالفلسفة. |
| 650 | 1 | 7 | _aالفلسفة الحديثة. |
| 650 | 1 | 7 | _aألمانيا. |
| 650 | 1 | 7 | _aعلم الجمال. |
| 650 | 1 | 7 | _aالجمال. |
| 942 |
_2ddc _cBK |
||
| 999 |
_c79838 _d79838 |
||